[Event "West Wales Open"]
[Site "?"]
[Date "2022.11.11"]
[Round "1.1"]
[White "Golding, Alex"]
[Black "Williams, Duncan"]
[Result "1-0"]
[WhiteElo "2312"]
[BlackElo "1896"]
[Annotator "kemen"]
[PlyCount "41"]
[SourceVersionDate "2022.11.14"]

{[%evp 0,17,18,25,26,27,19,18,1,-33,-39,-33,-17,-19,-8,-10,-10,-6,6,-13]} 1. e4
e5 2. Nf3 Nc6 3. Nc3 Nf6 4. g3 Bc5 {main} (4... g6 5. d4 exd4 6. Nxd4 d6 7. Bg2
Nxd4 8. Qxd4 Bg7 9. O-O O-O 10. Qd3 {Golding-Stevanic, European Youth Ch U14,
2016,1-0}) 5. Bg2 d6 6. O-O a6 7. d3 O-O 8. h3 Ba7 (8... h6) (8... Be6 {
main lines}) 9. g4 $146 (9. Kh2 {3.5-0.5}) 9... Nd4 (9... Re8 $11 {
KomodoDragon3}) 10. Nxd4 Bxd4 11. Ne2 Be6 $2 {the B soon becomes a target in
the K side attack that Wh was planning anyway} 12. Nxd4 exd4 13. f4 $18 Rb8 14.
f5 Bd7 (14... Bc8 15. g5 Nd7 16. Qh5 Ne5 17. Rf4 $18 {KD3}) 15. g5 Ne8 16. f6 (
16. Qh5 $1 Qe7 17. Bd2 Qe5 18. Rf4 g6 19. Qh6 Qg7 20. Qh4 b5 21. f6 Qh8 22. Qh6
b4 23. h4 $18 {KD3}) 16... c5 17. Qh5 h6 18. fxg7 Nxg7 19. Qxh6 Qe7 20. Rf4 Ne6
21. Rh4 (21. Rh4 f6 22. Qh8+ Kf7 23. Qh5+ Kg8 24. gxf6 Rxf6 25. e5 dxe5 26.
Qh8+ Kf7 27. Rh7+ Kg6 28. Be4+ $18 {KD3}) 1-0

[Event "West Wales Open"]
[Site "?"]
[Date "2022.11.11"]
[Round "1.2"]
[White "Bevan, Peter M"]
[Black "Zeidler, Sven P"]
[Result "0-1"]
[WhiteElo "1868"]
[BlackElo "2148"]
[Annotator "kemen"]
[PlyCount "50"]
[SourceVersionDate "2022.11.14"]

{[%evp 0,50,26,34,47,35,79,50,35,38,19,8,45,18,88,47,22,38,84,14,17,-6,37,43,
90,37,77,72,118,100,95,29,24,57,48,7,16,11,16,-8,0,0,0,-37,-23,-252,-252,-334,
-409,-415,-415,-632,-632]} 1. d4 (1. c4 f5 2. g3 Nf6 3. Nc3 g6 4. d3 e5 5. Bg2
d6 6. e4 Nc6 7. exf5 Bxf5 8. h3 Qd7 9. g4 Be6 10. Nge2 Bg7 {Bevan-Zeidler, WW
Open 2017,0-1}) 1... f5 2. Bg5 g6 3. h4 h6 (3... Bg7 {main}) 4. Bf4 d6 (4...
Nf6 {main}) 5. Nc3 Bg7 6. e4 (6. e3 e6 7. Qd2 Qe7 8. O-O-O Nf6 9. Nf3 Nc6 10.
Bb5 O-O 11. Bg3 {Noe-Zeidler, EU Club Cup Novi Sad 2016,1-0}) 6... Nc6 (6...
fxe4 7. Nxe4 Nc6 {1-2-1}) 7. exf5 {KomodoDragon3} (7. Nf3 fxe4 8. Nxe4 {
3 draws, 3 Bl wins}) 7... Bxf5 8. g4 Bd7 9. Bd3 Kf7 (9... e5 10. Bxg6+ Kf8 11.
dxe5 dxe5 12. Bd2 (12. Be3) 12... Qf6 13. h5 $18 {Nurmi-Siegfried, USA ch
email ICCF 2019 ,0-1}) 10. Bc4+ (10. Nge2 e5 11. Bc4+ $18 {KD3 & Fritz18})
10... e6 (10... Kf8 11. Nge2 Bxg4 12. Rg1 Bf5 13. d5 Nb4 14. Bb3 Qd7 15. a3 Na6
16. Be3 $16 {KD3}) 11. Nf3 Qe7 (11... Qf6 12. Be3 Kf8 13. g5 hxg5 14. Ne4 Qf5
15. Nexg5 Nb4 16. Kd2 Nd5 17. Bd3 Nxe3 18. fxe3 Qa5+ 19. c3 $18 {KD3}) 12. Qd2
Na5 (12... Rf8 13. O-O-O Ke8 14. d5 $18 {KD3}) 13. Be2 (13. Bd3) 13... Rb8 14.
O-O-O {looks a natural move} (14. h5 g5 15. Nxg5+ hxg5 16. Bxg5 Bf6 17. Be3 b5
18. g5 $18 {KD3}) (14. Nb5 Bxb5 15. Bxb5 Nc6 16. O-O-O $18 {also}) 14... b5 15.
b3 (15. g5 h5 16. Ne4 Nb7 17. Be5 Kf8 (17... dxe5 18. dxe5 Nc5 19. Qf4+ Ke8 20.
Nf6+ $18 {KD3}) 18. Bxg7+ Kxg7 (18... Qxg7 19. Rhe1) 19. Qc3 $18 {KD3}) (15. h5
g5 16. Nxg5+ hxg5 17. Bxg5 Qxg5 18. Qxg5 Bh6 19. f4 Bxg5 20. fxg5 $18 {KD3})
15... b4 16. Ne4 Bc6 17. Bd3 Nf6 18. Rde1 Nd5 19. Neg5+ {this should still be
winning, though it seems other lines are clearer} (19. g5 h5 20. Nf6 Nc3 21.
Rh3 Qf8 22. Qe3 Re8 23. Be5 Nd5 24. Qd2 a6 25. Be4 $18 {is KD3 judgement, Wh
is clearly superior, but the win needs still to extracted} Rb8 26. Bxd5 Bxd5
27. Nxd5 exd5 28. Ng1 dxe5 29. Rf3+ Ke6 30. Rxf8 Rhxf8 31. dxe5 $18 {KD3, but
the sequence of moves is far from obvious}) (19. h5 Kg8 (19... g5 $6 {is just
asking for trouble}) 20. g5 Nxf4 21. Qxf4 hxg5 22. Qg3 gxh5 23. Nexg5 Rh6 24.
Nh4 Qd7 25. Rhg1 Re8 26. Bg6 {KD3- looks terminal}) 19... hxg5 20. Nxg5+ (20.
Bxg5 $1 Bf6 21. h5 gxh5 22. Bxf6 Qxf6 23. Ng5+ Kf8 24. Rxh5 {and the Bl K is
in the open, with a Bl QR & N stranded on the other side of the board} Bd7 25.
Nxe6+ Bxe6 26. Rxe6 Qxe6 27. Rxh8+ Kg7 28. Rxb8 Qxg4 29. Rb5 $18 {KD3}) 20...
Kg8 21. Rxe6 Qf8 $16 {KD3- but Wh now needs to regroup} 22. Bxd6 (22. Bg3 $1 {
KD3-Wh has several pawns for the piece, and they will need to advance on the K
side} Rh6 23. Rxg6 (23. Rhe1 Bxd4 {and Bc3 threatens}) 23... Re8 $1 24. Ne6
Rxe6 25. Qxh6 Nf4 26. Rxg7+ Qxg7 27. Qxf4 Bxh1 28. Qf5 Re7 29. Qxa5 Qxd4 30.
Qg5+ Kf7 31. Qf4+ Qxf4+ 32. Bxf4 $11 {KD3}) 22... cxd6 23. Bxg6 (23. Rxg6 $1 {
still leaves Bl having to find the correct defence, as the attempted Q swap
now fails to} Qf4 $2 (23... Bd7 $1 24. Be4 Nc7 25. Rh3 Be8 26. Ne6 Nxe6 27.
Rxe6 Bc6 28. d5 Bd7 $19 {KD3}) (23... Nc7 $1 24. Bf5 Re8 $1 (24... Bxh1 25.
Be6+ Nxe6 26. Nxe6 $16) 25. f3 Bd5 $19 {KD3}) 24. Rxg7+ Kxg7 25. Ne6+) 23...
Qf4 $19 24. Bf7+ Kf8 25. Re3 Qxg5 $1 $19 0-1

[Event "West Wales Open"]
[Site "?"]
[Date "2022.11.11"]
[Round "1.3"]
[White "Golding, James"]
[Black "Turner, Joseph David"]
[Result "1-0"]
[WhiteElo "2096"]
[BlackElo "1868"]
[Annotator "kemen"]
[PlyCount "105"]
[SourceVersionDate "2022.11.14"]

{[%evp 0,18,27,27,27,-13,35,43,54,19,17,3,20,6,33,18,30,22,39,21,21]} 1. d4 Nf6
2. c4 g6 3. Nc3 Bg7 4. e4 d6 5. f3 O-O 6. Be3 Na6 (6... e5) (6... Nc6 {main
lines}) 7. Qd2 e5 (7... c5 {main}) 8. Nge2 (8. d5) 8... c6 9. O-O-O Qa5 (9...
Be6) 10. Kb1 {6-1} b5 11. cxb5 cxb5 12. dxe5 (12. Nd5 $18 b4 13. Nxf6+ Bxf6 14.
Nc1 exd4 15. Bxd4 Bxd4 16. Qxd4 Nc5 17. Bc4 {Cugini-Alberton, Bratto open 1996,
1-0}) 12... dxe5 13. Nd5 Qxd2 14. Rxd2 (14. Ne7+ Kh8 15. Rxd2 Nc7 16. Nxc8
Rfxc8 17. g3 Bf8 18. Nc1 $18 {KomodoDragon3- Wh has more space and none of
Bl's pawn weaknesses}) 14... Nxd5 15. Rxd5 b4 16. Nc1 $18 Nc7 17. Ra5 Ne6 18.
Bc4 a6 19. Nd3 Nf4 20. Nxf4 exf4 21. Bxf4 {one down, but Bl's remaing Q side
pawns are also split} Rd8 22. Bd5 Ra7 23. Be3 Rad7 24. Bb6 Rf8 25. Bc5 Rxd5 26.
exd5 Bf5+ 27. Ka1 Rc8 28. Bxb4 (28. g4 Bd7 29. Bxb4 {KD3}) 28... Rc2 29. Ba3
Rxg2 30. Rxa6 h5 31. Rb6 Be5 32. Bd6 Bd4 33. Rb8+ Kg7 34. Rb4 (34. a4 {KD3})
34... Bf6 35. f4 Rd2 36. Be5 Bxe5 37. fxe5 Rxd5 38. Re1 g5 39. a4 Rd2 40. a5
Rd5 41. Ra4 Bd7 42. Ra3 Bc6 43. a6 Rd2 44. a7 Ba8 45. Rc3 Rxh2 46. Rc8 Bd5 47.
a8=Q Bxa8 48. Rxa8 g4 49. b4 (49. e6 {KD3}) 49... Rd2 50. b5 Rd5 51. b6 Rb5 52.
Rb1 Rxe5 53. b7 1-0

[Event "West Wales Open"]
[Site "?"]
[Date "2022.11.11"]
[Round "1.4"]
[White "Gibbs, Dominic V"]
[Black "Morris, Charles F"]
[Result "0-1"]
[WhiteElo "1860"]
[BlackElo "2093"]
[Annotator "kemen"]
[PlyCount "58"]
[SourceVersionDate "2022.11.14"]

{[%evp 0,26,38,20,41,31,23,9,9,2,2,2,2,4,-1,-1,-1,12,-13,0,21,13,8,0,-19,-29,
-29,-15,7]} 1. e4 e6 2. d4 d5 3. Nd2 Nf6 4. e5 Nfd7 5. Ngf3 (5. Bd3) (5. f4 {
main}) 5... c5 6. c3 Nc6 7. Bd3 Be7 (7... Qb6 8. O-O cxd4 9. cxd4 Nxd4 10. Nxd4
Qxd4 11. Nf3 {65% for Wh}) 8. O-O g5 {1-3 Morris} 9. dxc5 (9. h4 cxd4 10. cxd4
g4 11. Ng5 h6 12. Nxf7 Kxf7 13. Qxg4 {Gibbs-Stone, Civil Service Centenary op,
2004,0-1}) (9. b4 cxd4 10. cxd4 Nxb4 11. Bb1 Nc6 12. Nb3 a5 13. Be3 a4 14. Nbd2
b6 15. Ne1 Ba6 16. Bd3 b5 17. Qh5 {Gibbs-Cannon, London Classic Op, 2016,1/2-1/
2}) 9... g4 {main} (9... Nxc5 10. Bb5 Bd7 11. b4 Na6 12. Qe2 Nc7 13. Bxc6 bxc6
14. Nd4 a5 {Hutchinson-Morris, 4NCL 2010,0-1}) 10. Nd4 Ncxe5 (10... Ndxe5 {main
}) 11. Bb5 Bxc5 12. N2b3 (12. f4 Nc6 13. N2b3 {scores 68% for Wh}) 12... Bd6 {
0-4} 13. Bf4 a6 {Cloud Engines} (13... Nf3+ 14. Nxf3 Bxf4 15. Qd4 Rg8 16. Qxf4
gxf3 17. Qxf3 $16 {Newrkla-Ernst, Vienna ch 2004,0-1`} (17. g3)) 14. Bxe5 {
Cloud Engines} (14. Bxd7+ Bxd7 15. Nc5 Bxc5 16. Bxe5 f6 17. Bg3 h5 18. Re1 Kf7
19. Bh4 Qc7 20. Rc1 b5 $17 {Rutman-Zhukov, St Petersburg Mai op, 2008,0-1})
14... Bxe5 15. Bd3 (15. Bxd7+ Bxd7 16. Qxg4 h5 $17 {KomodoDragon3 & FatFritz2})
15... Rg8 (15... Qg5 $19 {both Engines}) 16. Qe2 Qc7 (16... Qf6 $17 {KD3}) (
16... Bc7 $17 {FF2}) 17. g3 Nf8 (17... Bf6 $17 {KD3}) (17... h5 $15 {FF2}) 18.
Rae1 (18. Rac1 $1 $16 {both Engines} b5 19. Rce1 f6 20. f3 $14) 18... f6 19. c4
$11 (19. f3 $11 {both Engines}) 19... dxc4 20. Bxc4 b5 (20... Bd7 $11 {both
Engines}) 21. Bd3 $14 Bb7 22. f4 {unfortunate timing for Wh- earelier this
would have been good} (22. Be4 {both Engines} Qb6 23. Bxb7 Qxb7 24. Na5 Qd5 25.
Ndc6 Rg7 26. Nxe5 Qxe5 27. Qxe5 fxe5 28. Rxe5 Rc8 29. a4 $11 {KD3}) 22... gxf3
23. Rxf3 (23. Nxf3 Bxg3 $19 {KD3}) 23... Qb6 24. Rf2 Bxd4 25. Nxd4 Qxd4 $19 26.
Bxb5+ axb5 27. Qxb5+ Qd7 28. Qh5+ Rg6 29. Rxf6 Qd5 (29... Qc6 {KD3}) 0-1

[Event "West Wales Open"]
[Site "?"]
[Date "2022.11.11"]
[Round "1.5"]
[White "McCarthy, Maurice"]
[Black "Guy, David"]
[Result "1/2-1/2"]
[WhiteElo "2032"]
[BlackElo "1846"]
[Annotator "kemen"]
[PlyCount "56"]
[SourceVersionDate "2022.11.14"]

{[%evp 0,25,27,23,35,-48,-17,-8,-16,-24,-4,-20,13,11,37,45,44,27,35,34,35,6,28,
-2,41,49,67,51]} 1. d4 d5 2. c4 e6 3. Nc3 Nf6 4. cxd5 exd5 5. Bg5 Be7 6. e3 c6
7. Bd3 O-O 8. Qc2 Nbd7 9. Nge2 h6 10. Bh4 Re8 11. f3 (11. O-O) 11... Qa5 (11...
c5 {main}) 12. O-O Nf8 13. Rae1 $146 (13. a3 $16 {7.5-0.5}) (13. Bf2 $16 {
2.5-0.5}) 13... Be6 (13... Ng4 $1 14. Bf2 Nxf2 15. Rxf2 Bg5 $15 {KomodoDragon3}
) 14. e4 $2 (14. a3 $16 {KD3}) 14... Nxe4 $17 15. Bxe7 Nxc3 16. bxc3 Rxe7 $19
17. f4 Bd7 (17... Bg4) 18. f5 f6 (18... Nh7 $19 {KD3}) 19. Nf4 Rae8 (19... Rxe1
20. Rxe1 Re8 $15 {KD3}) 20. Rb1 $11 b5 21. Kf2 (21. a4) 21... Qa3 22. g3 a5 23.
Rb3 Qd6 24. Rb2 a4 (24... Re4 25. Bxe4 Rxe4 26. Re1 Bxf5 27. Rxe4 Bxe4 $17 {KD3
}) 25. Rbb1 Bc8 (25... Re4 26. Bxe4 dxe4 27. Kg1 Bxf5 $19 {KD3}) 26. Qd2 Bd7
27. Rbc1 Bc8 28. Rb1 Bd7 (28... Re4 $19 {KD3}) 1/2-1/2

[Event "West Wales Open"]
[Site "?"]
[Date "2022.11.11"]
[Round "1.6"]
[White "Thomas, Mark"]
[Black "Musson, Adam J"]
[Result "0-1"]
[WhiteElo "1816"]
[BlackElo "1996"]
[Annotator "kemen"]
[PlyCount "54"]
[SourceVersionDate "2022.11.14"]

{[%evp 0,8,19,38,72,6,22,22,2,3,18]} 1. e4 c5 2. c3 Nf6 3. e5 Nd5 4. Nf3 Nc6 5.
d4 cxd4 6. cxd4 d6 7. Bc4 Nb6 8. Bb3 (8. Bb5 {main}) 8... dxe5 9. d5 Na5 10.
Nc3 Nxb3 11. Qxb3 f6 (11... e6 {main}) 12. Be3 Bd7 {4-2-4} (12... Kf7 {7-1-2})
(12... g6 {3-3-4}) 13. O-O g6 14. a4 (14. Rac1 {1-1-3}) (14. Rfd1 {0-2}) 14...
Bg7 (14... Nc8 {Cloud Engines} 15. Qxb7 (15. Nd2 Nd6 16. Nc4 $16 {Cloud Engines
}) 15... Nd6 16. Qa6 $14 {1-1}) 15. a5 Nc8 16. Qxb7 (16. Ne4 Nd6 17. Nxd6+ exd6
18. Qxb7 $16 {KomodoDragon3}) 16... Nd6 17. Qb3 O-O $11 18. a6 (18. Rfc1 Qb8
19. Qa3 f5 20. Bc5 Bf6 21. b4 a6 22. Re1 $14 {Hasanzade-Aghamaliyev, Julfa
Salvation Day,2016,0-1}) 18... f5 19. Ng5 (19. Nd2 $11) 19... Qb8 20. Qa2 Rc8
$15 21. Rfd1 Qb4 22. Ne6 f4 23. Bc1 Bf6 $19 24. Qb1 Rab8 25. Qd3 Rc4 (25... Qc4
{KD3}) 26. Qe2 Nf5 (26... Rbc8 {even stronger-KD3}) 27. Ra4 $2 (27. h3 Rbc8 28.
Bd2 Bxe6 29. Ra4 (29. dxe6 Qxb2 $19) 29... Qb3 30. Rxc4 Rxc4 31. dxe6 Nd4 $19)
27... Bxa4 0-1

[Event "West Wales Open"]
[Site "?"]
[Date "2022.11.11"]
[Round "1.7"]
[White "Pleasants, Allan J"]
[Black "Taylor, Robert G"]
[Result "1/2-1/2"]
[WhiteElo "1981"]
[BlackElo "1802"]
[Annotator "kemen"]
[PlyCount "175"]
[SourceVersionDate "2022.11.14"]

1. Nf3 Nf6 2. g3 b6 3. Bg2 Bb7 4. O-O e6 5. c4 Be7 6. Nc3 O-O 7. Qc2 (7. d4 {
transposes to main Queen's Indian lines}) 7... d6 (7... c5 {56% for Wh}) 8. d4
{66% for Wh} Nbd7 9. Rd1 (9. e4 {main}) 9... c5 10. d5 e5 {85% for Wh} (10...
exd5 11. cxd5 {67% for Wh}) 11. e4 Ne8 12. Ne2 (12. Ne1 g6 (12... Bc8 13. f4 (
13. Nd3 a6 14. a4 Rb8 15. Qe2 Bg5 16. f4 exf4 17. gxf4 Bh6 18. Rf1 $18 {
Grivas-Galindo, Dubai The Arbor blitz 2019,1-0}) 13... Rb8 14. Nf3 $16 {
Morrison-Zakarian, 4NCL 2019,1/2-1/2}) 13. Bh6 Ng7 {Melnichuk-Tishin, UKR ch
U18, 2006, draw agreed}) 12... Bc8 13. Rf1 g6 14. Ne1 Ng7 15. Nd3 f5 16. f4 $14
Bf6 17. Bd2 fxe4 18. Bxe4 Re8 (18... Rb8 $14 {KomodoDragon3}) 19. Nf2 Nf8 (
19... exf4 20. Nxf4 Ne5 21. Bc3 $16 {KD3}) 20. Rae1 $16 Bf5 21. Nc3 (21. g4
Bxe4 22. Nxe4 Bh4 23. N2g3 exf4 24. Bxf4 Nd7 25. g5 $18 {KD3}) 21... Qd7 22.
Qd1 h5 23. Bg2 (23. h3 exf4 (23... Bxh3 24. Nxh3 Qxh3 25. Bg2 Qg4 26. Qxg4 hxg4
27. Ne4 Be7 28. fxe5 $18) 24. g4 Bxe4 25. Ncxe4 Bxb2 26. Bxf4 Nh7 27. Bxd6 $16
{KD3}) 23... Nh7 24. Nce4 (24. h3 $18 {KD3} exf4 (24... Qc7 25. g4 Bd7 26. g5
Be7 27. fxe5 dxe5 28. Nfe4 Nf5 29. d6 $18 {KD3 nudged}) 25. g4 {wins the B})
24... exf4 25. Nxf6+ Nxf6 26. Bxf4 h4 27. gxh4 Ngh5 28. Bg5 Ng4 (28... b5 29.
b3 bxc4 30. bxc4 Rab8 31. Rxe8+ Rxe8 32. Bf3 $16 {KD3}) 29. Nxg4 $18 (29. Re6
$1 $18 {KD3}) 29... Bxg4 30. Qd2 (30. Qd3 Bf5 31. Be4 Bxe4 32. Rxe4 Kh8 33.
Rfe1 Rxe4 34. Qxe4 $18 {KD3}) 30... Bf5 31. Qc3 (31. Re6 $1 $18 {KD3} Rf8 32.
Rxf5 Rxf5 33. Rxg6+ Ng7 34. h5 Rf7 35. h6 $18) 31... Qg7 32. Qxg7+ (32. Re6 $1
{KD3}) 32... Kxg7 (32... Nxg7 {allows the N to f5 to guard d6, however} 33. Be7
Bd3 34. Rf6 Nf5 35. Rxg6+ Kh8 36. Rge6 Rxe7 37. Rxe7 Nxe7 38. Rxe7 Bxc4 39. Rd7
Bxa2 40. Rxd6 $18) 33. Re7+ (33. Be7 Bd3 34. Rf2 Bxc4 35. Re6 Bd3 (35... Bxa2
36. Be4) 36. Bxd6 $18 {KD3}) (33. Re6 $1 {KD3} Rxe6 (33... Bxe6 34. dxe6 Rab8
35. e7 $18 (35. Rf7+ Kg8 36. Bd5 $18)) 34. dxe6 Re8 35. e7 Nf6 36. Re1 Kf7 37.
h5 gxh5 38. Rf1 Kg6 39. Bxf6 Kxf6 40. Be4 $18 {KD3}) 33... Rxe7 34. Bxe7 Bd3
35. Rc1 (35. Re1 {also}) 35... Nf4 36. Bf1 b5 37. Bxd6 Bxf1 38. Rxf1 Nd3 39. b3
$18 (39. Be7 a6 40. Bf6+ Kg8 41. b3 $18 {KD3}) 39... bxc4 40. bxc4 Rd8 41. Be7
Rd7 42. d6 (42. Rf3 Ne1 (42... Rxe7 43. Rxd3 Rd7 44. Kf2 $18) 43. Re3 Nc2 44.
Re4 Na3 45. Bxc5 $18 {KD3}) 42... Nb4 43. a3 (43. h5 gxh5 44. Rf5) 43... Nc6
44. Re1 (44. Bf8+ Kg8 45. Bh6 Rxd6 46. Rf8+ Kh7 47. Bg5 Kg7 48. Rc8 Nd4 49.
Rc7+ Kg8 50. Be7 Rb6 51. Bxc5 Rb1+ 52. Kf2 Ne6 53. Rc8+ Kf7 54. Bd6 $18 {KD3})
44... Nd4 (44... Na5 45. Re4 Nb7 46. Rg4 Kf7 47. Rf4+ Kg8 48. Rf6 Kg7 49. Kg2
Nxd6 50. Rxd6 Rxe7 51. Kf3 Re1 52. Rc6 Ra1 $14 {KD3}) 45. Kg2 Nf5 46. Re5 (46.
Re6 $1 $18 {KD3 -obsessive}) 46... Nxd6 47. Bxd6 Rxd6 48. Rxc5 Ra6 $11 49. Kf3
Rxa3+ 50. Kf4 a5 $2 (50... Ra2 $11) 51. Kg5 $18 Ra2 52. Rc7+ Kf8 53. Kxg6 a4
54. Ra7 a3 55. Kf6 (55. h5 Rg2+ 56. Kf6 Rf2+ 57. Ke5 a2 58. h3 Rd2 59. Ke4 Kg8
60. h6 Rh2 61. Kd5 Rd2+ 62. Kc6 $18 {KD3}) 55... Ke8 56. Ke6 Kd8 57. c5 (57. h3
$1 {KD3- only move to win it seems}) 57... Re2+ (57... Rxh2 58. Rxa3 Rxh4 {
is a book draw- the Bl K is too near the last pawn}) 58. Kd6 Kc8 59. Ra8+ (59.
Rxa3) 59... Kb7 60. Rxa3 Rd2+ 61. Ke6 Kc6 62. Kf6 Kxc5 63. Re3 (63. Rh3 $1 {
quickest way to mate in 28}) 63... Rf2+ 64. Kg6 Rg2+ 65. Kh6 $2 (65. Rg3 $18 {
Syzygy tablebases}) 65... Kd4 $2 (65... Rxh2 $11 {Syzygy tablebases}) 66. Re1
$18 {Sz tb} (66. Rg3 $18) (66. Re8 $18) 66... Kd5 67. h5 (67. h3 {also wins})
67... Kd6 68. Kh7 Rg4 69. h6 Kd7 70. Re2 Rh4 {Wh now has 12 moves that win} 71.
Ra2 (71. Kg6 Rg4+ 72. Kh5 Rg8 73. h7 Ra8 74. Kg6 {is the simplest- Sz tb})
71... Ke7 72. Ra7+ $2 (72. Kg6) (72. Kg7) (72. Rf2 {are the only moves to get
the win, Sz tb}) 72... Kf8 $2 (72... Kf6 {draws, there is nowhere for the Wh K
to hide}) 73. Rg7 $2 {allows Bl to draw again} (73. Kg6 $18 Rxh2 74. Ra8+ Ke7
75. h7 Rg2+ 76. Kf5 Rf2+ 77. Kg4 Rf1 78. h8=Q {wins}) (73. Ra2 Rg4 74. Rf2+ Ke7
75. Kh8 {also wins, Sz tb both lines}) 73... Rh5 $2 (73... Rxh2) (73... Re4) (
73... Rd4) (73... Rc4) (73... Rb4) (73... Ra4) (73... Rf4 {all provide a draw.
- Sz tb}) 74. Rg1 $2 (74. Rg2 $18) (74. Kg6 Rxh2 75. Rf7+ Ke8 (75... Kg8 76.
h7+ Kh8 77. Rf8#) 76. h7 $18 {are the two winning moves, Sztb}) 74... Rxh2 $11
75. Rg4 Rh1 76. Rf4+ Ke7 77. Kg6 Rg1+ 78. Kh5 Rh1+ 79. Kg5 Rg1+ 80. Kh5 Rh1+
81. Kg6 Rg1+ 82. Kh7 Rh1 (82... Rg3 {looks simpler}) 83. Rg4 Kf7 84. Rg7+ Kf8
85. Kg6 Rg1+ 86. Kf6 Rxg7 87. hxg7+ Kg8 88. Kg6 1/2-1/2

[Event "West Wales Open"]
[Site "?"]
[Date "2022.11.11"]
[Round "1.8"]
[White "Golding, William"]
[Black "Fathallah, Joe"]
[Result "1/2-1/2"]
[WhiteElo "1721"]
[BlackElo "1979"]
[Annotator "kemen"]
[PlyCount "91"]
[SourceVersionDate "2022.11.14"]

1. d4 f5 2. Bf4 Nf6 3. e3 g6 4. Be2 (4. h4 h6 {main}) 4... Bg7 5. c4 d6 6. Nc3
O-O 7. Nf3 {transposes to 358 games} c6 8. b4 (8. O-O) (8. h3 {main lines})
8... Ne4 (8... Qe8 9. c5 Nh5 10. Qb3+ Kh8 11. Bg3 Nxg3 12. hxg3 Bf6 {
Muthig-Wolf, Giessen op 1993,0-1}) (8... Nh5 {KomodoDragon3} 9. Bg5 Qe8 10. Nd2
Nf6 11. Qb3 e5 12. Rd1 exd4 13. exd4 Ne4 {Mongey-Delpech, Yvelines op,
Fontenay le Fleury 2012,1/2-1/2}) 9. Nxe4 fxe4 10. Ng5 (10. Nd2 $16 {KD3})
10... d5 (10... e5 11. dxe5 dxe5 12. Qxd8 Rxd8 13. Bg3 Na6 14. a3 Bf5 $11 {KD3}
) 11. cxd5 (11. Bg4 e5 12. dxe5 Bxe5 13. Bxc8 Bc3+ 14. Kf1 Qxc8 15. Rc1 Bf6 16.
h4 $16 {KD3}) 11... cxd5 12. Rc1 (12. Bg4 $11) 12... Nc6 (12... Rxf4 13. exf4
Nc6 14. Bg4 Nxd4 15. O-O $11 {KD3}) 13. Qb3 $2 (13. Bg4 e5 14. dxe5 Bxg4 15.
Qxg4 Rf5 16. O-O Bxe5 $11 {KD3}) 13... Nxd4 $19 (13... Rxf4 $1 14. exf4 Nxd4
15. Qe3 h6 16. Nh3 a5 17. b5 Qd6 18. O-O Bxh3 19. gxh3 Rf8 $19 {KD3}) 14. exd4
Rxf4 15. Qe3 (15. Rxc8 $5 Qxc8 (15... Rxc8 16. Ne6 Qd6 17. Nxf4 Qxf4 18. Qxd5+
Qf7 $17) 16. Qxd5+ e6 17. Qxe6+ Qxe6 18. Nxe6 Rf6 19. d5 Bf8 $19 {KD3}) 15...
e5 16. h4 Qb6 (16... h6 17. Nh3 Rxh4 18. dxe5 Bxe5 $19 {KD3}) 17. a3 (17. Qb3
exd4 18. Qxd5+ Kh8 19. O-O d3 $19 {KD3}) 17... Qxd4 $2 {looks strong, but Wh
has a reply} (17... h6 $1 18. g3 Rf5 19. Nxe4 (19. Nh3 exd4 20. Qd2 d3 $19)
19... exd4 20. Qb3 Re5 21. Kd2 d3 22. Bxd3 Qd4 23. f3 Bf5 24. Rhe1 h5 25. Rc5
Rae8 $19 {KD3}) (17... Qd6 18. dxe5 Qxe5 19. O-O h6 20. Nh3 Rf8 $19 {KD3}) 18.
Rd1 $11 {and Bl's centre loses its cohesion} Qxe3 19. fxe3 Rf8 20. Rxd5 h6 21.
Nxe4 Bf5 22. Ng3 Be6 23. Rd6 Kf7 24. Bd3 (24. h5 gxh5 25. Nxh5 Bh8 26. Ng3 Bg7
27. Nh5 $11 {repetition} (27. Ne4 $11)) 24... Ke7 (24... e4 $1 {a clearance sac
} 25. Nxe4 Be5 26. Rxe6 Kxe6 27. Ke2 Rac8 $17 {KD3}) 25. Rxe6+ {not necessary}
(25. Ne4 Bf5 26. Rd5 $11 {KD3}) 25... Kxe6 26. Bxg6 $2 {the point of the
xchange sac, however} (26. Ke2 $17) 26... Rac8 $19 27. Ke2 b6 (27... Rc3 28.
Rd1 (28. Ra1 h5 29. Be4 Bh6 30. Nf1 b6 $19) 28... Rxa3 29. Bb1 b6 30. Rc1 e4
31. Nxe4 Be5 $19 {KD3}) 28. Rd1 Rc3 29. Bh5 $2 {if Wh wanted the B on f3, then
going to e4 is a better sequence} (29. Rd2 Rxa3 30. Be4 $15 {KD3}) 29... Rc2+
$19 30. Ke1 (30. Rd2 Rxd2+ 31. Kxd2 Rf2+) 30... Bf6 (30... Rxg2 31. Bg4+ Kf7
32. Rd7+ Kg8 33. Be6+ Kh8 34. Ne4 Bf6 35. Kf1 Rb2 36. Rd2 Rxd2 37. Nxd2 Bxh4+
$19 {KD3}) 31. Bg4+ Kf7 32. Nf5 Rd8 (32... e4 $1 $19 {KD3 brings the B to life}
) 33. Nxh6+ Kg6 $2 (33... Kf8) 34. Rxd8 Bxd8 35. Bf5+ Kxh6 36. Bxc2 Bxh4+ $11
37. Ke2 Be7 38. Kd3 Kg5 39. Ke4 Kf6 40. Kd5 a5 41. bxa5 bxa5 42. a4 Bb4 43. g4
Bc3 (43... Bd2) 44. Bf5 Kg5 45. e4 Ba1 46. Kc4 1/2-1/2